Match the Character to the TV Show - Statistics

General Stats
  • This quiz has been taken 30 times
  • The average score is 13 of 20
Answer Stats
Hint Answer % Correct
Monica Geller Friends
92%
Dwight Schrute The Office (US)
92%
Arthur Herbert “The Fonz” Fonzarelli Happy Days
85%
Seong Gi-hun Squid Game
85%
Moe Syzslak The Simpsons
85%
Leonard Hofstadter The Big Bang Theory
81%
Phil Dunphy Modern Family
77%
George Costanza Seinfeld
73%
Danny Tanner Full House
69%
Hawkeye Pierce MASH
69%
Christopher Moltisanti The Sopranos
65%
Jesse Pinkman Breaking Bad
62%
Philip J. Fry Futurama
62%
Stan Smith American Dad
54%
Carl Grimes The Walking Dead
50%
Florida Evans Good Times
42%
Hal Wilkerson Malcolm in the Middle
42%
Stan Pines Gravity Falls
38%
Kahn Souphanousinphone King of the Hill
31%
Beth Smith Rick and Morty
31%
No matching quizzes found
Score Distribution
Percent of People with Each Score
Percentile by Number Answered
Your Score History
You have not taken this quiz